000 00511pab a2200181 454500
008 180718b1997 xxu||||| |||| 00| 0 eng d
100 _aKabra, Kamal Nayan
245 _aRate and pattern of industrial growth: For whom the bell tolls?
260 _c1997
300 _ap.491-509.
362 _aJul-Sep
650 _aIndia - Industries
650 _aIndustrial development - India
650 _aIndustrial development
773 _aIndian Journal of Public Administration
908 _aN
909 _a36308
999 _c36308
_d36308